[Event "Torneo Nuevo Centro. Jornada 7"]
[Site "Chess.com"]
[Date "2020.07.31"]
[Round "7"]
[White "Saiz Sapena, Veronica"]
[Black "Gracia Calvo, Andrés"]
[Result "1/2-1/2"]
[WhiteElo "1545"]
[BlackElo "1802"]
[PlyCount "122"]
[EventDate "2020.??.??"]

1. e4 d5 2. exd5 Qxd5 3. Nf3 Nf6 4. Be2 Bg4 5. Nc3 Qd6 6. d3 e6 7. h3 Bh5 8.
O-O Be7 9. Bg5 O-O 10. Ne4 Nxe4 11. Bxe7 Qxe7 12. dxe4 Rd8 13. Qe1 c5 14. c3
Nc6 15. Nh2 Bxe2 16. Qxe2 Rd7 17. Rfd1 Rad8 18. Rxd7 Qxd7 19. Ng4 Qd2 20. Kf1
f6 21. Ne3 Ne5 22. Rd1 Qxe2+ 23. Kxe2 Rxd1 24. Kxd1 b5 25. f4 Nc6 26. Kd2 Kf7
27. Kd3 c4+ 28. Ke2 Ke7 29. Kf3 Kd6 30. g4 a5 31. h4 g6 32. g5 f5 33. exf5 exf5
34. Nc2 Kd5 35. Ke3 b4 36. a3 bxc3 37. bxc3 a4 38. Ne1 Na5 39. Nf3 Nb3 40. Ne5
Nc1 41. Nd7 Na2 42. Nf6+ Kc5 43. Nxh7 Nxc3 44. Nf8 Nd5+ 45. Kd2 Nxf4 46. Kc3
Kd5 47. Nd7 Ng2 48. Nb6+ Kc5 49. Nxa4+ Kb5 50. Nb2 Nxh4 51. Nxc4 Nf3 52. Nd6+
Kc5 53. Nf7 f4 54. a4 Nh4 55. Kd3 Kb4 56. Ke4 Kxa4 57. Kxf4 Kb4 58. Ke5 Kc4 59.
Kf6 Kd5 60. Nh8 Nf3 61. Nxg6 Nxg5 1/2-1/2

[Event "Torneo Nuevo Centro. Jornada 7"]
[Site "Chess.com"]
[Date "2020.07.31"]
[Round "7"]
[White "Pedros Viudes, Santiago"]
[Black "Fernández Martin, Carlos"]
[Result "0-1"]
[WhiteElo "1921"]
[BlackElo "1815"]
[PlyCount "82"]
[EventDate "2020.??.??"]

1. c4 e5 2. Nc3 Nf6 3. g3 Bb4 4. Bg2 Bxc3 5. bxc3 Nc6 6. Nf3 d6 7. O-O O-O 8.
Rb1 e4 9. Nd4 Nxd4 10. cxd4 Rb8 11. d3 exd3 12. Qxd3 Re8 13. Bd2 g6 14. Rb2 Bf5
15. Qa3 b6 16. e3 a5 17. Rc1 Ne4 18. Be1 Ng5 19. c5 dxc5 20. dxc5 bxc5 21. Rxb8
Qxb8 22. Qxc5 Nh3+ 23. Kh1 Qb2 24. Bxh3 Bxh3 25. Qxc7 Bf5 26. Kg1 h5 27. Qc3
Qxa2 28. Qxa5 Qb2 29. Qc3 Qb7 30. Qf6 Bh3 31. f3 Rxe3 32. Bc3 Rxc3 33. Qxc3
Qb6+ 34. Qc5 Qb2 35. Qc2 Qd4+ 36. Qf2 Qe5 37. Qc2 Qe3+ 38. Kh1 Qxf3+ 39. Kg1
Qe3+ 40. Kh1 Bf5 41. Qd1 Be4+ 0-1

[Event "Torneo Nuevo Centro. Jornada 7"]
[Site "Chess.com"]
[Date "2020.07.31"]
[Round "7"]
[White "Amorós Pérez, Manuel David"]
[Black "Marques Montolio, Luis"]
[Result "1-0"]
[WhiteElo "1643"]
[BlackElo "1417"]
[PlyCount "93"]
[EventDate "2020.??.??"]

1. e4 c6 2. Nf3 d5 3. exd5 cxd5 4. d4 Bf5 5. Bd3 Bxd3 6. Qxd3 e6 7. Qb5+ Qd7 8.
Qd3 Nc6 9. Nc3 Nf6 10. Bg5 Be7 11. O-O a6 12. a3 Rc8 13. Rfe1 Na5 14. Ne5 Qc7
15. Bf4 Qb6 16. b4 Nc4 17. Na4 Qd8 18. Nc5 Bxc5 19. bxc5 O-O 20. Nxc4 dxc4 21.
Qxc4 Nd5 22. Bg3 b6 23. Bd6 Re8 24. Re2 b5 25. Qd3 f5 26. Rae1 Qd7 27. c4 bxc4
28. Qxc4 Nf6 29. Qxa6 Ne4 30. f3 Ng5 31. h4 Nf7 32. Qd3 Nxd6 33. cxd6 Qxd6 34.
Qe3 Kf7 35. Qe5 Rcd8 36. Rd1 Qxa3 37. Rb1 Qa7 38. Rd2 Rd5 39. Qe3 Red8 40. Rbd1
e5 41. Kh1 Rxd4 42. Rxd4 Rxd4 43. Rxd4 Qxd4 44. Qb3+ Kg6 45. Qe6+ Kh5 46. Qxf5+
Kh6 47. Qg5# 1-0

[Event "Torneo Nuevo Centro. Jornada 7"]
[Site "Chess.com"]
[Date "2020.07.31"]
[Round "7"]
[White "Bosch Jordà, Ricard"]
[Black "Macias Pino, Diego"]
[Result "0-1"]
[WhiteElo "1920"]
[BlackElo "2226"]
[PlyCount "88"]
[EventDate "2020.??.??"]

1. e4 c6 2. d4 d5 3. exd5 cxd5 4. Bd3 Nc6 5. c3 Nf6 6. Bf4 Bg4 7. Qb3 Qc8 8.
Nd2 e6 9. Ngf3 Bh5 10. O-O Bg6 11. Qc2 a6 12. a4 Be7 13. h3 O-O 14. Bxg6 hxg6
15. Qd3 Qd7 16. Ne5 Nxe5 17. Bxe5 Rfc8 18. Rfc1 b5 19. axb5 axb5 20. b4 Ne8 21.
Nb3 Qc6 22. Nc5 Nd6 23. Qc2 Nc4 24. Bh2 Bxc5 25. bxc5 Ra4 26. Rxa4 bxa4 27. Ra1
Ra8 28. Bf4 a3 29. Bc1 Qb5 30. Ra2 f6 31. f4 Kf7 32. Ra1 Qa5 33. Ra2 Qa6 34.
Qb1 Ra7 35. Qa1 Kg8 36. Kh2 Kh7 37. Kg1 Qa4 38. c6 Qxc6 39. Kf2 Qa4 40. Ke2 Qb3
41. h4 Qb5 42. Kf2 Qb3 43. g3 Qd1 44. h5 Qxh5 0-1

[Event "Torneo Nuevo Centro. Jornada 7"]
[Site "Chess.com"]
[Date "2020.07.31"]
[Round "7"]
[White "Cayon Pelaez, Pablo"]
[Black "Aguado, Pablo Luis"]
[Result "0-1"]
[WhiteElo "1801"]
[BlackElo "1909"]
[PlyCount "96"]
[EventDate "2020.??.??"]

1. e4 e5 2. Nf3 Nf6 3. Nxe5 d6 4. Nf3 Nxe4 5. d4 d5 6. Bd3 Bf5 7. O-O Be7 8.
Re1 O-O 9. c3 Nd7 10. Qc2 Ndf6 11. Nh4 Bg6 12. Nxg6 hxg6 13. Bf4 Bd6 14. Bxd6
Qxd6 15. f3 Ng5 16. Nd2 Ne6 17. Nb3 b6 18. Re3 c5 19. Nd2 cxd4 20. cxd4 Nxd4
21. Qa4 Ne6 22. Rc1 Nc5 23. Qh4 Rfe8 24. Rxe8+ Rxe8 25. Qd4 Nfd7 26. Bb5 Re7
27. Rd1 a6 28. Bc4 Nf6 29. Nf1 Rd7 30. Ne3 Kh7 31. Bxd5 Nxd5 32. Nxd5 Qe6 33.
Qh4+ Kg8 34. Qc4 a5 35. a3 Qe5 36. b4 axb4 37. axb4 Ne6 38. Qc8+ Rd8 39. Qc4
Kh8 40. Qh4+ Kg8 41. Ne7+ Kf8 42. Nxg6+ fxg6 43. Rxd8+ Nxd8 44. Qxd8+ Kf7 45.
Qd7+ Kf8 46. Qc8+ Kf7 47. Qb7+ Kg8 48. Qxb6 Qe1# 0-1

[Event "Torneo Nuevo Centro. Jornada 7"]
[Site "Chess.com"]
[Date "2020.07.31"]
[Round "7"]
[White "Serrano Requena, Guillem"]
[Black "Sanchis Bon, Sergi"]
[Result "1-0"]
[WhiteElo "1361"]
[BlackElo "979"]
[PlyCount "101"]
[EventDate "2020.??.??"]

1. d4 d5 2. Nf3 Nf6 3. Bg5 Nc6 4. c4 dxc4 5. e3 e6 6. Bxc4 Be7 7. Nc3 Bd7 8.
O-O a6 9. Bd3 b5 10. a3 O-O 11. Qc2 h6 12. Bh4 g5 13. Bg3 Bd6 14. Ne5 Nxe5 15.
dxe5 Nh5 16. exd6 Nxg3 17. dxc7 Qxc7 18. hxg3 a5 19. Ne4 Qxc2 20. Bxc2 Rac8 21.
Nf6+ Kg7 22. Nxd7 Rfd8 23. Ne5 Rxc2 24. Rab1 f6 25. Nf3 g4 26. Nd4 Rxd4 27.
exd4 Rd2 28. Rfe1 Rxd4 29. Rxe6 Rc4 30. Ra6 a4 31. Rb6 Rc5 32. b3 axb3 33. Rxb3
Rc1+ 34. Kh2 Kg6 35. R6xb5 f5 36. Rb2 Kg5 37. Ra2 h5 38. a4 h4 39. gxh4+ Kxh4
40. Rxf5 g3+ 41. fxg3+ Kg4 42. Rf4+ Kg5 43. a5 Rc6 44. a6 Rh6+ 45. Kg1 Rb6 46.
a7 Rb1+ 47. Kf2 Rb7 48. a8=Q Rb2+ 49. Rxb2 Kh6 50. Qg8 Kh5 51. Rh4# 1-0

[Event "Torneo Nuevo Centro. Jornada 7"]
[Site "Chess.com"]
[Date "2020.07.31"]
[Round "7"]
[White "Gutierrez Marco, Dario"]
[Black "Bendayán Claros, Aaron"]
[Result "0-1"]
[WhiteElo "1825"]
[BlackElo "2021"]
[PlyCount "106"]
[EventDate "2020.??.??"]

1. c4 e6 2. Nc3 d5 3. e3 c6 4. d4 Bd6 5. Nf3 Nd7 6. Be2 f5 7. O-O Ngf6 8. b3
Ne4 9. Bb2 O-O 10. a3 Rf6 11. Nxe4 fxe4 12. Ne5 Rh6 13. f4 Qh4 14. h3 Qg3 15.
Ng4 Rxh3 16. Qe1 Qxe1 17. Raxe1 Rh5 18. Ne5 Rf5 19. Bg4 Rf6 20. cxd5 cxd5 21.
Rc1 Nf8 22. Rc2 b6 23. Rfc1 Bb7 24. b4 g6 25. Kf2 h5 26. Bh3 g5 27. g3 Re8 28.
Ke2 Ba6+ 29. Kd2 Bxe5 30. dxe5 Rf7 31. fxg5 Ree7 32. a4 Bd3 33. Rc6 Kg7 34. Rc8
Kg6 35. Ra8 Kxg5 36. Rcc8 Ng6 37. Rg8 Rf2+ 38. Kc3 Rc7+ 39. Kb3 Bc4+ 40. Ka3
Re2 41. Bxe6 Rxe3+ 42. Bc3 Rxc3+ 43. Kb2 Rb3+ 44. Ka1 Be2 45. Rxg6+ Kxg6 46.
Rg8+ Kh7 47. Rg5 Rc1+ 48. Ka2 Rxb4 49. Ka3 a5 50. Bg8+ Kh6 51. Rf5 Rc3+ 52. Ka2
Bc4+ 53. Ka1 Ra3# 0-1

[Event "Torneo Nuevo Centro. Jornada 7"]
[Site "Chess.com"]
[Date "2020.07.31"]
[Round "7"]
[White "Orts Tomás, Marc"]
[Black "Donate Peris, Jose Manuel"]
[Result "1-0"]
[WhiteElo "1770"]
[BlackElo "1529"]
[PlyCount "111"]
[EventDate "2020.??.??"]

1. c4 c5 2. Nf3 Nf6 3. Nc3 Nc6 4. g3 g6 5. Bg2 Bg7 6. O-O O-O 7. Rb1 d6 8. d3
Bd7 9. a3 a5 10. Ne1 Rb8 11. Nc2 b6 12. b4 axb4 13. axb4 cxb4 14. Nxb4 Nxb4 15.
Rxb4 Bg4 16. Qc2 Nd7 17. Re1 Nc5 18. h3 Bf5 19. Bd2 e5 20. Reb1 Re8 21. e4 Be6
22. Nd5 Bxd5 23. cxd5 Qc7 24. Be3 Rec8 25. Bf1 Nd7 26. Qxc7 Rxc7 27. Bxb6 Nxb6
28. Rxb6 Rxb6 29. Rxb6 Bf8 30. Rc6 Ra7 31. Kg2 Ra1 32. Be2 Ra2 33. Kf3 h5 34.
Ke3 Kg7 35. f4 exf4+ 36. gxf4 Kf6 37. d4 Ra3+ 38. Bd3 Ra1 39. e5+ Ke7 40. Rc7+
Ke8 41. Bb5+ Kd8 42. Rxf7 Bh6 43. Rd7+ Kc8 44. Rxd6 Re1+ 45. Kd3 Bxf4 46. Rxg6
Rd1+ 47. Ke4 Bc1 48. Rc6+ Kd8 49. d6 Bb2 50. d5 Rd4+ 51. Kf5 h4 52. Rc5 Bc1 53.
e6 Rf4+ 54. Kg6 Bb2 55. Bd7 Rf6+ 56. Kg5 1-0

[Event "Torneo Nuevo Centro. Jornada 7"]
[Site "Chess.com"]
[Date "2020.07.31"]
[Round "7"]
[White "Castellano López, Javier"]
[Black "Luque Saiz, Andrés"]
[Result "0-1"]
[WhiteElo "1896"]
[BlackElo "2025"]
[PlyCount "114"]
[EventDate "2020.??.??"]

1. d4 d5 2. c4 e6 3. Nc3 Nf6 4. cxd5 exd5 5. Bg5 c6 6. Nf3 Bf5 7. e3 Bd6 8. Bd3
Bxd3 9. Qxd3 Nbd7 10. Rb1 O-O 11. b4 Nb6 12. Nd2 h6 13. Bh4 Qe7 14. O-O g5 15.
Bg3 Bxb4 16. h4 Bd6 17. hxg5 hxg5 18. Qf5 Nh7 19. Bxd6 Qxd6 20. Nf3 Qe6 21.
Qxe6 fxe6 22. a4 Rf7 23. a5 Nc4 24. Ra1 Kg7 25. Rfb1 Raf8 26. Ra2 Kg6 27. Ne1
Nf6 28. Nd3 b6 29. axb6 axb6 30. Ne5+ Nxe5 31. dxe5 Nd7 32. f3 b5 33. Ra6 Nxe5
34. Ne2 Rf6 35. Nd4 Rc8 36. Rc1 Nc4 37. Nxc6 Rc7 38. Kf2 Kg7 39. Nd4 Rb7 40.
Nxe6+ Kg6 41. Rd1 b4 42. Rxd5 b3 43. Rd1 b2 44. Rb1 Nd2 45. Nc5 Rxa6 46. Rd1
b1=Q 47. Rxd2 Rb2 48. Nxa6 Rxd2+ 49. Kg3 Qe1+ 50. Kg4 Qf2 51. g3 Qg2 52. f4 Rf2
53. f5+ Kf6 54. Nc5 Qf3+ 55. Kh3 Qxf5+ 56. g4 Qxc5 57. Kg3 Qxe3# 0-1

[Event "Torneo Nuevo Centro. Jornada 7"]
[Site "Chess.com"]
[Date "2020.07.31"]
[Round "7"]
[White "Yuste Valenzuela, Alejandro"]
[Black "Pardo Ruiz, Carlos"]
[Result "1-0"]
[WhiteElo "1907"]
[BlackElo "1743"]
[PlyCount "139"]
[EventDate "2020.??.??"]

1. e4 Nf6 2. e5 Nd5 3. c4 Nb6 4. d4 d6 5. exd6 exd6 6. Nf3 Bg4 7. Nc3 Nc6 8.
Be3 Be7 9. h3 Bxf3 10. Qxf3 O-O 11. Bd3 Bf6 12. O-O Qd7 13. Rad1 Rfe8 14. Bf5
Qe7 15. c5 dxc5 16. dxc5 Nc4 17. Nd5 Qe5 18. Nxf6+ Qxf6 19. b3 N4e5 20. Qe4 g6
21. Bg4 Nxg4 22. Qxg4 Ne5 23. Qg3 Qf5 24. Rfe1 Nd3 25. Rf1 Nxc5 26. Bd4 Ne6 27.
Ba1 f6 28. Rfe1 Rad8 29. Rxd8 Rxd8 30. Qc3 Kf7 31. Qc4 Rd2 32. Rf1 Rxa2 33. g4
Qe5 34. Bxe5 fxe5 35. b4 Rd2 36. Re1 Kf6 37. h4 h6 38. Qc3 Rd4 39. f3 g5 40.
hxg5+ hxg5 41. Kf2 Rd5 42. Rh1 c6 43. Rh6+ Kf7 44. Qc2 Nf8 45. Qf5+ Ke7 46. Rh8
Nd7 47. Qxg5+ Kd6 48. Rh6+ Kc7 49. Qe7 Kb6 50. Rh7 Rd2+ 51. Ke3 Rd5 52. g5 e4
53. fxe4 Rd1 54. g6 c5 55. bxc5+ Nxc5 56. g7 Rg1 57. Rh6+ Kb5 58. Qe8+ Kb4 59.
g8=Q Rxg8 60. Qxg8 b5 61. Qb8 a5 62. Rb6 Ka4 63. Rxb5 Na6 64. Qe8 Nb4 65. Rb8+
Ka3 66. e5 a4 67. e6 Ka2 68. Rxb4 a3 69. Qa4 Ka1 70. Qxa3# 1-0

[Event "Torneo Nuevo Centro. Jornada 7"]
[Site "Chess.com"]
[Date "2020.07.31"]
[Round "8"]
[White "Pardo Ruiz, Carlos"]
[Black "Romera Navia, Alberto"]
[Result "1-0"]
[WhiteElo "1754"]
[BlackElo "1858"]
[PlyCount "49"]
[EventDate "2020.??.??"]

1. e4 e5 2. Nf3 Nf6 3. Nxe5 Nc6 4. Nxc6 dxc6 5. d3 Bc5 6. Be3 Bxe3 7. fxe3 Qd6
8. Nc3 Qb4 9. Qc1 Ng4 10. Be2 Qb6 11. d4 Nf6 12. O-O Bd7 13. e5 Nd5 14. Nxd5
cxd5 15. c4 Be6 16. c5 Qc6 17. a4 a6 18. b4 O-O 19. Qc3 b5 20. axb5 axb5 21.
Rxa8 Rxa8 22. Ra1 Rxa1+ 23. Qxa1 Qb7 24. Qa5 c6 25. Qd8# 1-0

[Event "Torneo Nuevo Centro. Jornada 7"]
[Site "Chess.com"]
[Date "2020.07.31"]
[Round "8"]
[White "Portillo Torrente, Manuel"]
[Black "Cayon Pelaez, Pablo"]
[Result "1-0"]
[WhiteElo "1539"]
[BlackElo "1777"]
[PlyCount "55"]
[EventDate "2020.??.??"]

1. d4 d5 2. Nf3 Nf6 3. Bf4 c6 4. e3 Bf5 5. Bd3 Bxd3 6. cxd3 e6 7. Nc3 Bd6 8.
Bg5 h6 9. Bh4 Nbd7 10. e4 dxe4 11. dxe4 e5 12. dxe5 Nxe5 13. Nxe5 Bxe5 14.
Qxd8+ Rxd8 15. Rd1 O-O 16. O-O Bxc3 17. bxc3 Rxd1 18. Rxd1 Nxe4 19. Rd3 Re8 20.
f3 Nc5 21. Rd2 g5 22. Bf2 Re5 23. Rd8+ Kg7 24. Bd4 f6 25. Bxe5 fxe5 26. Kf1 Kf6
27. Ke2 Ke7 28. Rh8 1-0

[Event "Torneo Nuevo Centro. Jornada 7"]
[Site "Chess.com"]
[Date "2020.07.31"]
[Round "8"]
[White "Montesinos Diaz, Luis"]
[Black "Rodriguez Rodriguez, Joan David"]
[Result "1-0"]
[WhiteElo "1818"]
[BlackElo "1657"]
[PlyCount "49"]
[EventDate "2020.??.??"]

1. d4 d5 2. Nf3 Nf6 3. e3 c6 4. b3 Bf5 5. Bd3 Bxd3 6. Qxd3 e6 7. Bb2 Bd6 8. O-O
O-O 9. Nbd2 Nbd7 10. c4 Re8 11. Rac1 e5 12. dxe5 Nxe5 13. Nxe5 Bxe5 14. Bxe5
Rxe5 15. Nf3 Re6 16. Rfd1 Qc7 17. cxd5 Nxd5 18. Qxd5 Rh6 19. Qd7 Qb6 20. Ne5
Rf8 21. Qd4 Qc7 22. Nc4 Qxh2+ 23. Kf1 Qh1+ 24. Ke2 Qxg2 25. Rg1 1-0

[Event "Torneo Nuevo Centro. Jornada 7"]
[Site "Chess.com"]
[Date "2020.07.31"]
[Round "8"]
[White "Donate Peris, Jose Manuel"]
[Black "Ríos Valle, Daniel"]
[Result "1-0"]
[WhiteElo "1531"]
[BlackElo "1201"]
[PlyCount "65"]
[EventDate "2020.??.??"]

1. d4 Nf6 2. c4 e6 3. Nc3 Bb4 4. a3 Bxc3+ 5. bxc3 O-O 6. Nf3 d5 7. cxd5 exd5 8.
e3 Nbd7 9. Bd3 Nb6 10. O-O Bd7 11. Rb1 Qe7 12. Bc2 Rfd8 13. Ne5 c6 14. Nxd7
Rxd7 15. Qd3 Nc4 16. f3 Nxa3 17. Bxa3 Qxa3 18. e4 dxe4 19. fxe4 c5 20. e5 Ne8
21. Qxh7+ Kf8 22. e6 Re7 23. Rxf7+ Rxf7 24. exf7 Nf6 25. Qh8+ Kxf7 26. Qxa8
Qxc3 27. Qxb7+ Ke6 28. Bb3+ Kf5 29. Rf1+ Kg6 30. Qf7+ Kg5 31. Qxg7+ Kh5 32.
Bd1+ Kh4 33. Qxf6# 1-0

[Event "Torneo Nuevo Centro. Jornada 7"]
[Site "Chess.com"]
[Date "2020.07.31"]
[Round "8"]
[White "Yuste Valenzuela, Alejandro"]
[Black "Lopez Mateo, Juan Carlos"]
[Result "0-1"]
[WhiteElo "1906"]
[BlackElo "2326"]
[PlyCount "52"]
[EventDate "2020.??.??"]

1. e4 c5 2. Nf3 e6 3. d4 cxd4 4. Nxd4 a6 5. c4 Nf6 6. Nc3 Bb4 7. Qc2 Qc7 8. a3
Bxc3+ 9. bxc3 O-O 10. f3 e5 11. Nf5 d5 12. Bg5 Bxf5 13. exf5 Nbd7 14. Be2 dxc4
15. O-O b5 16. Kh1 h6 17. Bh4 Nd5 18. Qd2 Nf4 19. f6 g5 20. Bg3 Nxf6 21. h4
Rad8 22. Qe3 N6d5 23. Qe4 Nxc3 24. Qf5 Ncxe2 25. Bxf4 exf4 26. hxg5 Ng3+ 0-1

[Event "Torneo Nuevo Centro. Jornada 7"]
[Site "Chess.com"]
[Date "2020.07.31"]
[Round "8"]
[White "Gracia Calvo, Andrés"]
[Black "Vaquer Querol, Daniel"]
[Result "1-0"]
[WhiteElo "1806"]
[BlackElo "1587"]
[PlyCount "45"]
[EventDate "2020.??.??"]

1. d4 d5 2. Nf3 e6 3. Bf4 c6 4. e3 Nf6 5. Bd3 Bd6 6. Bg3 Bxg3 7. hxg3 h6 8.
Nbd2 a6 9. Ne5 O-O 10. g4 Nbd7 11. g5 hxg5 12. Bh7+ Nxh7 13. Qh5 Ndf6 14. Qh2
Re8 15. Ndf3 Kf8 16. O-O-O Ke7 17. Qg3 Qa5 18. Kb1 Ne4 19. Qg4 f5 20. Qh5 Nhf6
21. Qg6 Qb6 22. Qxg7+ Kd8 23. Qxf6+ 1-0

[Event "Torneo Nuevo Centro. Jornada 7"]
[Site "Chess.com"]
[Date "2020.07.31"]
[Round "8"]
[White "Chofre Murcia, Adrián"]
[Black "Serrano Requena, Guillem"]
[Result "1-0"]
[WhiteElo "1650"]
[BlackElo "1355"]
[PlyCount "63"]
[EventDate "2020.??.??"]

1. e4 c5 2. Nc3 d6 3. Nf3 Nc6 4. Bc4 e6 5. O-O Nf6 6. Bb5 Bd7 7. Re1 a6 8. Bxc6
Bxc6 9. d4 cxd4 10. Nxd4 Be7 11. Nxc6 bxc6 12. Bg5 d5 13. exd5 cxd5 14. Bxf6
Bxf6 15. Qf3 O-O 16. Rad1 Rb8 17. b3 Qc7 18. Rd3 Rbd8 19. Rc1 Qc6 20. Ne2 Bb2
21. Nd4 Qc5 22. Qe3 Bxc1 23. Qxc1 Rc8 24. Rd2 e5 25. Nf5 d4 26. Qd1 Rfd8 27.
Qg4 g6 28. Nh6+ Kg7 29. Qg5 d3 30. Nf5+ Kh8 31. Qf6+ Kg8 32. Qg7# 1-0

[Event "Torneo Nuevo Centro. Jornada 7"]
[Site "Chess.com"]
[Date "2020.07.31"]
[Round "8"]
[White "Luque Saiz, Andrés"]
[Black "Vega Gutiérrez, Sabrina"]
[Result "0-1"]
[WhiteElo "2018"]
[BlackElo "2155"]
[PlyCount "48"]
[EventDate "2020.??.??"]

1. e4 c5 2. Nf3 Nc6 3. Bb5 Nf6 4. Bxc6 dxc6 5. d3 g6 6. O-O Bg7 7. h3 Nd7 8.
Nc3 e5 9. Be3 Qe7 10. Nh2 Nf8 11. f4 exf4 12. Bxf4 Ne6 13. Bg3 Nd4 14. Qd2 Be6
15. Ng4 Bxg4 16. hxg4 h5 17. g5 h4 18. Bf2 h3 19. Bg3 Be5 20. Bxe5 Qxe5 21. Qf4
Qxf4 22. Rxf4 hxg2 23. Kxg2 Nxc2 24. Kg3 Nxa1 0-1

[Event "Torneo Nuevo Centro. Jornada 7"]
[Site "Chess.com"]
[Date "2020.07.31"]
[Round "8"]
[White "Gutierrez Marco, Dario"]
[Black "Amorós Pérez, Manuel David"]
[Result "1-0"]
[WhiteElo "1829"]
[BlackElo "1637"]
[PlyCount "69"]
[EventDate "2020.??.??"]

1. e4 d5 2. e5 c5 3. Nf3 e6 4. Bb5+ Bd7 5. Bxd7+ Nxd7 6. O-O Qc7 7. d4 cxd4 8.
Qxd4 Ne7 9. Bf4 Nc6 10. Qe3 h6 11. Nbd2 g5 12. Bg3 g4 13. Nd4 Nxd4 14. Qxd4 Bg7
15. Qxg4 Bxe5 16. Bxe5 Qxe5 17. Rfe1 Qxb2 18. Rab1 Qxc2 19. Nf3 b6 20. Rbc1 Qf5
21. Qg7 Qh7 22. Qd4 Rg8 23. Qxd5 Qg6 24. Nd4 Rd8 25. Nxe6 Nf6 26. Nc7+ Kf8 27.
Qxd8+ Kg7 28. Qd6 Kh7 29. g3 h5 30. Nd5 Nxd5 31. Qxd5 h4 32. Qe4 f5 33. Qxh4+
Kg7 34. Re7+ Kf8 35. Rc8+ 1-0

[Event "Torneo Nuevo Centro. Jornada 7"]
[Site "Chess.com"]
[Date "2020.07.31"]
[Round "8"]
[White "Grigorev, Artur"]
[Black "Gukasov, Artem"]
[Result "0-1"]
[WhiteElo "972"]
[BlackElo "1525"]
[PlyCount "50"]
[EventDate "2020.??.??"]

1. e4 e6 2. e5 d5 3. exd6 cxd6 4. d4 Nc6 5. Nf3 d5 6. Nc3 Nf6 7. Bb5 Bb4 8. a3
Bxc3+ 9. bxc3 a6 10. Bxc6+ bxc6 11. Rb1 Bd7 12. O-O Qe7 13. Ne5 O-O 14. Rb7
Rfb8 15. Rxb8+ Rxb8 16. Nxd7 Qxd7 17. Bf4 Rb5 18. Qd3 Qb7 19. h3 Ra5 20. c4 h6
21. cxd5 cxd5 22. c3 Qb5 23. Rb1 Qxd3 24. Rb8+ Kh7 25. Bc7 Rxa3 0-1

[Event "Torneo Nuevo Centro. Jornada 7"]
[Site "Chess.com"]
[Date "2020.07.31"]
[Round "8"]
[White "Chernikov, Vladimir"]
[Black "Bosch Jordà, Ricard"]
[Result "1-0"]
[WhiteElo "2201"]
[BlackElo "1917"]
[PlyCount "61"]
[EventDate "2020.??.??"]

1. c4 e5 2. Nc3 Nc6 3. Nf3 Bc5 4. e3 a6 5. a3 Nf6 6. b4 Ba7 7. d3 O-O 8. Bb2 d6
9. Be2 Be6 10. Qc2 h6 11. O-O Ne7 12. d4 exd4 13. exd4 Nf5 14. Rad1 Re8 15. c5
d5 16. Bd3 Ne7 17. Ne5 c6 18. f4 Nd7 19. f5 Nxe5 20. fxe6 fxe6 21. dxe5 d4 22.
Ne4 Nf5 23. Rxf5 exf5 24. Nd6 Rxe5 25. Bxf5 Qe7 26. Qc4+ Kf8 27. Rf1 Re1 28.
Bh7+ Rxf1+ 29. Qxf1+ Qf6 30. Qc4 Qe5 31. Qf7# 1-0

[Event "Torneo Nuevo Centro. Jornada 7"]
[Site "Chess.com"]
[Date "2020.07.31"]
[Round "8"]
[White "Beneyto de Ramon, Guillermo"]
[Black "Gómez Alonso, Óscar"]
[Result "0-1"]
[WhiteElo "1622"]
[BlackElo "1854"]
[PlyCount "112"]
[EventDate "2020.??.??"]

1. c4 Nf6 2. Nc3 c5 3. g3 e6 4. Bg2 Nc6 5. Nf3 d6 6. d3 Bd7 7. Bg5 h6 8. Bh4 g5
9. Nxg5 hxg5 10. Bxg5 Be7 11. Ne4 Nxe4 12. Bxe7 Qxe7 13. Bxe4 f5 14. Bg2 O-O-O
15. Rb1 Nd4 16. a3 Bc6 17. Bxc6 Nxc6 18. b4 cxb4 19. axb4 d5 20. c5 e5 21. e3
d4 22. e4 fxe4 23. dxe4 d3 24. b5 d2+ 25. Kf1 Nb8 26. b6 a6 27. Rb2 Nc6 28.
Rxd2 Rxd2 29. Qxd2 Rd8 30. Qc2 Qd7 31. Kg2 Qd3 32. Qxd3 Rxd3 33. h4 Kd7 34. h5
Ke7 35. h6 Rd8 36. h7 Rh8 37. f4 Kf7 38. f5 Kg7 39. g4 Nd8 40. g5 Rxh7 41.
Rxh7+ Kxh7 42. Kg3 Nc6 43. Kh4 a5 44. Kh5 a4 45. f6 Nd8 46. g6+ Kg8 47. c6 Nxc6
48. Kh6 Nd8 49. g7 a3 50. Kg6 a2 51. Kf5 a1=Q 52. Kg6 Qd4 53. Kf5 Qf2+ 54. Kg6
Nf7 55. Kh5 Qf3+ 56. Kg6 Qg4# 0-1

[Event "Torneo Nuevo Centro. Jornada 7"]
[Site "Chess.com"]
[Date "2020.07.31"]
[Round "8"]
[White "Donate Moreno, Silvia"]
[Black "Conejero Martínez, Víctor"]
[Result "1-0"]
[WhiteElo "1942"]
[BlackElo "1372"]
[PlyCount "65"]
[EventDate "2020.??.??"]

1. e4 c5 2. Nf3 Nc6 3. d4 cxd4 4. Nxd4 e5 5. Nb5 a6 6. N5a3 Nf6 7. Bg5 b5 8. c3
Be7 9. c4 Nxe4 10. Bxe7 Qxe7 11. cxb5 axb5 12. Bxb5 Qc5 13. O-O O-O 14. Bd3 Nf6
15. Nc3 d5 16. Ne2 Nd4 17. Rc1 Nxe2+ 18. Qxe2 Qd6 19. Nb5 Qb8 20. Nc3 e4 21.
Bb1 Ng4 22. g3 Rd8 23. Rfd1 Qe5 24. Qxe4 Qh5 25. Qg2 Bb7 26. Rd4 Rdc8 27. Rcd1
Rab8 28. h3 Nf6 29. g4 Qe5 30. Qh2 Qe7 31. Qf4 Rc4 32. g5 Nh5 33. Qxb8+ 1-0

[Event "Torneo Nuevo Centro. Jornada 7"]
[Site "Chess.com"]
[Date "2020.07.31"]
[Round "8"]
[White "Soliva Ruiz, Ramon"]
[Black "Bascuñana Sánchez, Pablo"]
[Result "0-1"]
[WhiteElo "1460"]
[BlackElo "1670"]
[PlyCount "46"]
[EventDate "2020.??.??"]

1. d4 Nf6 2. Bf4 g6 3. e3 d6 4. c3 Bg7 5. Be2 h6 6. h4 O-O 7. Nd2 Nbd7 8. g4 e5
9. Bg3 Re8 10. g5 hxg5 11. hxg5 Nd5 12. Ngf3 e4 13. Nh4 Qxg5 14. Bc4 Nxe3 15.
Qe2 Nc2+ 16. Kf1 Nxa1 17. Bf4 Qxf4 18. Nxg6 Qf6 19. Qh5 Qxf2+ 20. Kxf2 e3+ 21.
Kg2 Nf6 22. Qh2 exd2 23. Kf3 Bg4+ 0-1

[Event "Torneo Nuevo Centro. Jornada 7"]
[Site "Chess.com"]
[Date "2020.07.31"]
[Round "8"]
[White "Sanchis Bon, Sergi"]
[Black "Valverde Alcaide, Miguel Alejandro"]
[Result "1-0"]
[WhiteElo "988"]
[BlackElo "871"]
[PlyCount "69"]
[EventDate "2020.??.??"]

1. e4 e5 2. Qf3 Qe7 3. Bc4 Nh6 4. d3 d6 5. Bg5 f6 6. Bxh6 gxh6 7. Nh3 Be6 8.
Bxe6 Qxe6 9. Qh5+ Kd8 10. O-O Nc6 11. Nc3 Nd4 12. Rac1 c6 13. Qf5 Nxf5 14. exf5
Qxf5 15. Rfe1 d5 16. Re3 d4 17. Rf3 Qe6 18. Ne2 Rg8 19. Ng3 Be7 20. Re1 f5 21.
Rxf5 Kc7 22. Rfxe5 Qxa2 23. Rxe7+ Kb6 24. R7e5 Qxb2 25. Ne4 Qxc2 26. Nd6 Raf8
27. Nc4+ Kc7 28. Re7+ Kc8 29. Rxh7 Qxd3 30. Ree7 Qxc4 31. Rc7+ Kd8 32. Rxb7 Rf7
33. Rhxf7 Ke8 34. Rfc7 Kf8 35. Rc8# 1-0

[Event "Torneo Nuevo Centro. Jornada 7"]
[Site "Chess.com"]
[Date "2020.07.31"]
[Round "8"]
[White "Carbonell Bofill, Carlos Eloy"]
[Black "Saiz Sapena, Veronica"]
[Result "1/2-1/2"]
[WhiteElo "1943"]
[BlackElo "1552"]
[PlyCount "99"]
[EventDate "2020.??.??"]

1. d4 d5 2. Nf3 Nf6 3. c4 c6 4. Nc3 Bg4 5. Ne5 Bh5 6. Qb3 Qb6 7. cxd5 Qxb3 8.
axb3 Nxd5 9. e4 Nb4 10. Ra4 a5 11. g4 Bg6 12. f4 Nd7 13. f5 Nxe5 14. dxe5 Bxf5
15. exf5 e6 16. fxe6 fxe6 17. Ne4 Be7 18. Nd6+ Bxd6 19. exd6 Kd7 20. Bf4 Rhf8
21. Be5 g6 22. Be2 b5 23. Ra3 Nc2+ 24. Kd2 Nxa3 25. bxa3 Rf7 26. a4 bxa4 27.
bxa4 Rb8 28. Rc1 Rf2 29. Ke3 Rbf8 30. Bg3 R2f6 31. Ba6 h5 32. g5 Rf5 33. Bb7
Rxg5 34. Bxc6+ Kc8 35. d7+ Kd8 36. Bh4 Kc7 37. Bxg5 h4 38. Bb5+ Kd6 39. d8=Q+
Rxd8 40. Bxd8 Ke5 41. Bxh4 g5 42. Bg3+ Kf5 43. Rc5+ e5 44. Rxe5+ Kg4 45. Bd3
Kh3 46. Bf5+ Kg2 47. Rxa5 g4 48. Bxg4 Kf1 49. Rb5 Kg2 50. Rb1 1/2-1/2

[Event "Torneo Nuevo Centro. Jornada 7"]
[Site "Chess.com"]
[Date "2020.07.31"]
[Round "8"]
[White "Rabbani Perez, Ayoub"]
[Black "Vicent Lázaro, Elena"]
[Result "1-0"]
[WhiteElo "303"]
[BlackElo "625"]
[PlyCount "71"]
[EventDate "2020.??.??"]

1. g4 e6 2. Nf3 d5 3. g5 Bd7 4. Nh4 b6 5. Nf5 a5 6. Nxg7+ Ke7 7. Nh5 Ra6 8. g6
Nc6 9. gxf7 Nb8 10. Ng3 Nc6 11. Nh5 Nb8 12. fxg8=Q Nc6 13. Qg1 Nb8 14. Nf4 Nc6
15. Nxe6 Nb8 16. Nxd8 Kxd8 17. h4 Nc6 18. h5 Nb8 19. h6 Nc6 20. Nc3 Nb8 21.
Nxd5 Nc6 22. Nxc7 Nb8 23. Nd5 Nc6 24. Nxb6 Nb8 25. Nc4 Nc6 26. Ne3 Nb8 27. Nf5
Kc7 28. Ng7 Bxg7 29. Qxg7 Rc8 30. Rh5 Rd8 31. Rxa5 Re8 32. Rxa6 Rd8 33. Ra7+
Kc8 34. Rxd7 Nc6 35. Qg8 Nb8 36. Qxd8# 1-0